000 00637cam a22002531 4500
001 16825
003 BD-RjUL
005 20211209000044.0
008 140215s1966 nyu 000 1 eng d
035 _a(BD-RjUL)
035 _a(OCoLC)291621
040 _aDLC
_cODaWU
_dOCoLC
_dBD-RjUL
_beng
041 _aeng
082 _a813.5
_bBAC 1966
100 1 _aBarrett, Mary Ellin.
_951947
245 1 0 _aCastle Ugly /
250 _a[1st ed.]
260 _aNew York :
_bDutton,
_c1966.
300 _a217 p. :
_c22 cm.
650 _aLong Island
_951948
942 _2ddc
_cBK
999 _c16825
_d16825